| 000 | 00530cam a22002052a 4500 | ||
|---|---|---|---|
| 001 | 000787 | ||
| 003 | AR-FADEU | ||
| 008 | 311216n1979####xxu####################dd | ||
| 092 |
_aA860.1 _bC212 |
||
| 100 | _adel Barco Centenera, M. | ||
| 245 | _aLos fundadores | ||
| 260 | _aBuenos Aires | ||
| 260 | _bCentro Editor de América Latina | ||
| 260 | _c1979 | ||
| 300 | _a101 p | ||
| 440 |
_aCapítulo, bibl. argentina fundamental _n6 |
||
| 700 | _aL., de Tejeda | ||
| 650 | _aLITERATURA ARGENTINA-ANTOLOGIA | ||
| 942 | _cBDGR | ||
| 999 |
_c6627 _d6627 |
||